[Event "Titled Tuesday intern op 26th Sep Early"]
[Site "Chess.com INT"]
[Date "2023.09.26"]
[Round "1"]
[White "Gheorghiu, Calin"]
[Black "Ingebretsen, Jens E"]
[Result "1-0"]
[WhiteElo "2313"]
[BlackElo "2408"]
[PlyCount "177"]
[EventDate "2023.09.26"]
[EventType "swiss (blitz)"]
[EventRounds "11"]
[EventCountry "USA"]
[SourceTitle "EXT 2024"]
[Source "ChessBase"]
[SourceDate "2023.10.10"]
[SourceVersion "1"]
[SourceVersionDate "2023.10.10"]
[SourceQuality "1"]

1. e4 e5 2. Nf3 Nc6 3. Bb5 Nf6 4. d3 Bc5 5. 0-0 d6 6. c3 0-0 7. Bg5 h6 8. Bh4 g5 9. Bg3 Bg4 10. Nbd2 Ne7 11. Re1 Ng6 12. Nf1 c6 13. Ba4 h5 14. h3 h4 15. hxg4 hxg3 16. Nxg3 Nxg4 17. d4 Bb6 18. Bb3 Nf4 19. Nf5 Qf6 20. Nxe5 Nxe5 21. dxe5 dxe5 22. Qg4 Rad8 23. g3 Nd3 24. Re2 Nxf2 25. Rxf2 Rd2 26. Raf1 Rxf2 27. Rxf2 Bxf2+ 28. Kxf2 Rd8 29. Ke2 a5 30. Qh5 Rd7 31. Nh6+ Kg7 32. Ng4 Qg6 33. Qxg6+ fxg6 34. Ke3 Re7 35. a4 b6 36. Bc4 Re8 37. Ba6 Re7 38. Bc4 Re8 39. Nf2 Kf6 40. Bb3 Re7 41. Bc4 Re8 42. b4 Re7 43. b5 cxb5 44. Bxb5 Rc7 45. c4 Ke6 46. Nd1 Rc8 47. Nc3 Rh8 48. Nd5 Rh3 49. Kf3 Kd6 50. Nxb6 Kc5 51. Nd7+ Kd4 52. c5 Rh1 53. c6 Rc1 54. Nf6 g4+ 55. Kxg4 Ke3 56. c7 Kd4 57. Nd5 Kxe4 58. Bd7 Kxd5 59. c8Q Rxc8 60. Bxc8 e4 61. Kg5 e3 62. Ba6 Ke4 63. Be2 Kd4 64. Kxg6 Kc3 65. g4 Kd2 66. Bb5 e2 67. Bxe2 Kxe2 68. Kf5 Kd3 69. g5 Kc4 70. g6 Kb4 71. g7 Kxa4 72. g8Q Ka3 73. Qc4 a4 74. Qc3+ Ka2 75. Qc2+ Ka3 76. Qc1+ Ka2 77. Qc3 a3 78. Qb4 Ka1 79. Qxa3+ Kb1 80. Qb3+ Ka1 81. Qg3 Kb1 82. Ke4 Ka1 83. Kd3 Kb2 84. Qf2+ Kb3 85. Qc2+ Kb4 86. Kd4 Ka3 87. Qb1 Ka4 88. Kc4 Ka3 89. Qb3# 1-0

[Event "Titled Tuesday intern op 29th Aug Early"]
[Site "Chess.com INT"]
[Date "2023.08.29"]
[Round "3"]
[White "Gheorghiu, Calin"]
[Black "Thake, Conrad"]
[Result "0-1"]
[WhiteElo "2313"]
[BlackElo "1778"]
[PlyCount "70"]
[EventDate "2023.08.29"]
[EventType "swiss (blitz)"]
[EventRounds "11"]
[EventCountry "USA"]
[SourceTitle "EXT 2024"]
[Source "ChessBase"]
[SourceDate "2023.10.10"]
[SourceVersion "1"]
[SourceVersionDate "2023.10.10"]
[SourceQuality "1"]

1. e4 c5 2. Nf3 Nc6 3. Bb5 d6 4. h3 e5 5. 0-0 Be7 6. c3 a6 7. Ba4 b5 8. Bb3 Na5 9. Bc2 Nf6 10. Re1 Bb7 11. d4 cxd4 12. cxd4 Nc6 13. Nc3 0-0 14. Bg5 h6 15. Bh4 b4 16. Na4 Rc8 17. Rc1 Re8 18. Bg3 Nh5 19. Bh2 Nf4 20. Bxf4 exf4 21. Qd2 Bg5 22. h4 Bf6 23. Qxf4 Nxd4 24. Nxd4 Bxd4 25. Bb3 Qf6 26. Qxf6 Bxf6 27. Rxc8 Rxc8 28. Nb6 Re8 29. Nc4 d5 30. Nd6 Re7 31. Nxb7 Rxb7 32. Bxd5 Re7 33. b3 Bxh4 34. Rc1 Bf6 35. Rc6 Ra7 0-1

[Event "Titled Tuesday intern op 29th Aug Early"]
[Site "Chess.com INT"]
[Date "2023.08.29"]
[Round "4"]
[White "Nugumanov, Bakhtiyar"]
[Black "Gheorghiu, Calin"]
[Result "0-1"]
[WhiteElo "2317"]
[BlackElo "2313"]
[PlyCount "66"]
[EventDate "2023.08.29"]
[EventType "swiss (blitz)"]
[EventRounds "11"]
[EventCountry "USA"]
[SourceTitle "EXT 2024"]
[Source "ChessBase"]
[SourceDate "2023.10.10"]
[SourceVersion "1"]
[SourceVersionDate "2023.10.10"]
[SourceQuality "1"]

1. Nf3 c6 2. c4 d5 3. g3 Nf6 4. Bg2 e6 5. 0-0 Be7 6. d4 0-0 7. Qc2 Nbd7 8. Nbd2 a5 9. Rd1 Re8 10. b3 Bf8 11. e4 dxe4 12. Nxe4 Nxe4 13. Qxe4 a4 14. Rb1 Nf6 15. Qe2 axb3 16. axb3 Bb4 17. Bg5 h6 18. Bf4 Bd7 19. h3 Ra3 20. g4 Qa5 21. Ne5 Ra8 22. h4 Ra2 23. Qf3 Be8 24. g5 hxg5 25. hxg5 Nd7 26. Qh3 Nxe5 27. Bxe5 Re2 28. g6 Rxe5 29. dxe5 Qxe5 30. Qh7+ Kf8 31. gxf7 Bxf7 32. Rd7 Bg8 33. Qh5 Qxh5 0-1

[Event "Titled Tuesday intern op 22nd Aug Early"]
[Site "Chess.com INT"]
[Date "2023.08.22"]
[Round "2"]
[White "Dehtiarov, Roman"]
[Black "Gheorghiu, Calin"]
[Result "1-0"]
[WhiteElo "2308"]
[BlackElo "2313"]
[PlyCount "49"]
[EventDate "2023.08.22"]
[EventType "swiss (blitz)"]
[EventRounds "11"]
[EventCountry "USA"]
[SourceTitle "EXT 2024"]
[Source "ChessBase"]
[SourceDate "2023.10.10"]
[SourceVersion "1"]
[SourceVersionDate "2023.10.10"]
[SourceQuality "1"]

1. e4 c6 2. Nc3 d5 3. Nf3 dxe4 4. Nxe4 Nf6 5. Qe2 Nxe4 6. Qxe4 Nd7 7. Bc4 Nf6 8. Ne5 e6 9. Qe2 Be7 10. c3 0-0 11. 0-0 c5 12. Rd1 Qc7 13. d4 cxd4 14. Rxd4 Bc5 15. Rd1 a6 16. Bf4 Qe7 17. b4 Ba7 18. a4 Bb8 19. a5 Nd7 20. Rd4 Nxe5 21. Bxe5 Bxe5 22. Qxe5 Bd7 23. Qc7 Rfc8 24. Qxb7 Rcb8 25. Qxd7 1-0

[Event "Titled Tuesday intern op 22nd Aug Early"]
[Site "Chess.com INT"]
[Date "2023.08.22"]
[Round "7"]
[White "Gheorghiu, Calin"]
[Black "Seifert, Henryk"]
[Result "1-0"]
[WhiteElo "2313"]
[BlackElo "2106"]
[PlyCount "89"]
[EventDate "2023.08.22"]
[EventType "swiss (blitz)"]
[EventRounds "11"]
[EventCountry "USA"]
[SourceTitle "EXT 2024"]
[Source "ChessBase"]
[SourceDate "2023.10.10"]
[SourceVersion "1"]
[SourceVersionDate "2023.10.10"]
[SourceQuality "1"]

1. e4 e6 2. d4 d5 3. e5 c5 4. c3 Nc6 5. Nf3 Qb6 6. Bd3 cxd4 7. 0-0 Bd7 8. a3 a5 9. Re1 Nge7 10. h4 h5 11. Ng5 g6 12. c4 dxc4 13. Nd2 Nf5 14. Nxc4 Qc7 15. Bxf5 gxf5 16. Bf4 Be7 17. Rc1 a4 18. Qf3 Rc8 19. Qg3 Rg8 20. Qf3 Rh8 21. Qg3 Rg8 22. Nd6+ Bxd6 23. exd6 Qb6 24. Qh3 Qxb2 25. Qxf5 Rf8 26. Nh7 d3 27. Nxf8 d2 28. Bxd2 Qxd2 29. Qf6 Qd4 30. Qxd4 Nxd4 31. Nxd7 Kxd7 32. Rxc8 Kxc8 33. Rc1+ Kd7 34. Rc7+ Kxd6 35. Rxb7 f5 36. Rh7 Nc2 37. Rxh5 Nxa3 38. Rh8 Nb5 39. h5 a3 40. h6 a2 41. Ra8 Nc3 42. h7 Kc5 43. h8Q Kc4 44. Qxc3+ Kxc3 45. Rxa2 1-0

[Event "Titled Tuesday intern op 15th Aug Early"]
[Site "Chess.com INT"]
[Date "2023.08.15"]
[Round "9"]
[White "Gheorghiu, Calin"]
[Black "Nugumanov, Bakhtiyar"]
[Result "1-0"]
[WhiteElo "2313"]
[BlackElo "2317"]
[PlyCount "69"]
[EventDate "2023.08.15"]
[EventType "swiss (blitz)"]
[EventRounds "11"]
[EventCountry "USA"]
[SourceTitle "EXT 2024"]
[Source "ChessBase"]
[SourceDate "2023.10.10"]
[SourceVersion "1"]
[SourceVersionDate "2023.10.10"]
[SourceQuality "1"]

1. d4 d5 2. c4 e6 3. Nc3 Nf6 4. cxd5 exd5 5. Bg5 Bb4 6. e3 h6 7. Bf4 0-0 8. Bd3 c6 9. h3 Re8 10. Nge2 Nbd7 11. 0-0 Nf8 12. Qc2 Ne6 13. Be5 Nd7 14. Bh2 Ndf8 15. f4 Bd6 16. a3 a5 17. Rab1 Qe7 18. Ng3 g6 19. f5 Ng7 20. f6 Qxe3+ 21. Kh1 Bxg3 22. fxg7 Kxg7 23. Rf3 Qxd4 24. Bxg3 Ne6 25. Rbf1 Ng5 26. Rf4 Qe3 27. Bh2 Re7 28. R4f2 Bd7 29. Bf4 Qc5 30. Bxg5 hxg5 31. Qd2 Rh8 32. Qxg5 Qd6 33. Rf3 Be6 34. Qf6+ Kg8 35. Bxg6 1-0

[Event "Titled Tuesday intern op 15th Aug Early"]
[Site "Chess.com INT"]
[Date "2023.08.15"]
[Round "11"]
[White "Rouast, Joseph"]
[Black "Gheorghiu, Calin"]
[Result "0-1"]
[WhiteElo "2135"]
[BlackElo "2313"]
[PlyCount "98"]
[EventDate "2023.08.15"]
[EventType "swiss (blitz)"]
[EventRounds "11"]
[EventCountry "USA"]
[SourceTitle "EXT 2024"]
[Source "ChessBase"]
[SourceDate "2023.10.10"]
[SourceVersion "1"]
[SourceVersionDate "2023.10.10"]
[SourceQuality "1"]

1. e4 e6 2. Nf3 d5 3. e5 c5 4. b4 cxb4 5. a3 bxa3 6. Bxa3 Bxa3 7. Nxa3 Ne7 8. d4 0-0 9. Bd3 Nbc6 10. c3 f6 11. exf6 gxf6 12. Nc2 Bd7 13. Qe2 Qe8 14. 0-0 Qh5 15. Rfb1 b6 16. c4 Rae8 17. c5 bxc5 18. dxc5 Rb8 19. Qd2 e5 20. Be2 Qg6 21. Nb4 Nxb4 22. Rxb4 Rxb4 23. Qxb4 Nc6 24. Qd2 d4 25. Bc4+ Kh8 26. Bd5 Ne7 27. Bc4 Bc6 28. Rxa7 Bxf3 29. Bf1 Rb8 30. Ra3 Bd5 31. h3 Rb1 32. f3 Nf5 33. Qa5 Ne3 34. Qd8+ Kg7 35. Ra7+ Kh6 36. Qf8+ Kg5 37. Rg7 Rxf1+ 38. Kh2 Rf2 39. Rxg6+ hxg6 40. h4+ Kf5 41. Kg3 Rxg2+ 42. Kh3 Rf2 43. Qc8+ Be6 44. Qh8 Rxf3+ 45. Kh2 Ng4+ 46. Kg2 Bd5 47. Qc8+ Kf4 48. c6 Rc3+ 49. Kg1 Rc1# 0-1

[Event "Titled Tuesday intern op 15th Aug Early"]
[Site "Chess.com INT"]
[Date "2023.08.15"]
[Round "7"]
[White "Zavgorodniy, Sergiy"]
[Black "Gheorghiu, Calin"]
[Result "1-0"]
[WhiteElo "2416"]
[BlackElo "2313"]
[PlyCount "75"]
[EventDate "2023.08.15"]
[EventType "swiss (blitz)"]
[EventRounds "11"]
[EventCountry "USA"]
[SourceTitle "EXT 2024"]
[Source "ChessBase"]
[SourceDate "2023.10.10"]
[SourceVersion "1"]
[SourceVersionDate "2023.10.10"]
[SourceQuality "1"]

1. d4 Nf6 2. c4 e6 3. Nf3 Bb4+ 4. Nbd2 0-0 5. g3 b6 6. Bg2 Bb7 7. 0-0 Re8 8. b3 Bf8 9. Bb2 d6 10. Qc2 Nbd7 11. e4 e5 12. d5 c6 13. Rac1 cxd5 14. cxd5 Rc8 15. Qb1 Nc5 16. Rfe1 Ba6 17. Bf1 Bxf1 18. Kxf1 a5 19. a3 Qd7 20. Kg2 Qb5 21. Rc3 g6 22. Qc2 Bh6 23. Nc4 Red8 24. a4 Qa6 25. h4 Qb7 26. Kg1 Na6 27. Ng5 Nb4 28. Qe2 Ne8 29. Rec1 f6 30. Ne6 Bxc1 31. Nxd8 Rxd8 32. Bxc1 Rc8 33. Bh6 b5 34. axb5 Qxb5 35. Qg4 Qa6 36. Qe6+ Kh8 37. Qf7 a4 38. Qf8# 1-0

[Event "Titled Tuesday intern op 04th Jul Early"]
[Site "Chess.com INT"]
[Date "2023.07.04"]
[Round "5"]
[White "Gheorghiu, Calin"]
[Black "Borgaonkar, Akshay"]
[Result "0-1"]
[WhiteElo "2313"]
[BlackElo "2076"]
[PlyCount "62"]
[EventDate "2023.07.04"]
[EventType "swiss (blitz)"]
[EventRounds "11"]
[EventCountry "USA"]
[SourceTitle "EXT 2024"]
[Source "ChessBase"]
[SourceDate "2023.10.10"]
[SourceVersion "1"]
[SourceVersionDate "2023.10.10"]
[SourceQuality "1"]

1. e4 c5 2. Nf3 a6 3. c3 e6 4. d4 d5 5. e5 Bd7 6. Bd3 Nc6 7. 0-0 Qb6 8. dxc5 Bxc5 9. b4 Be7 10. a3 Qc7 11. Qe2 h5 12. Nbd2 Nh6 13. Nb3 Ng4 14. Re1 0-0-0 15. a4 f6 16. b5 Ncxe5 17. bxa6 Nxf3+ 18. Qxf3 Qxh2+ 19. Kf1 e5 20. axb7+ Kb8 21. a5 e4 22. Qf4+ Bd6 23. Qxh2 Nxh2+ 24. Kg1 exd3 25. a6 Ng4 26. Na5 Bc5 27. Be3 Nxe3 28. fxe3 Rhe8 29. Reb1 Rxe3 30. Kh1 Re4 31. g3 Ba7 0-1

[Event "Titled Tuesday intern op 06th Jun Early"]
[Site "Chess.com INT"]
[Date "2023.06.06"]
[Round "9"]
[White "Gheorghiu, Calin"]
[Black "Sisabayev, Kuanysh"]
[Result "0-1"]
[WhiteElo "2313"]
[BlackElo "2235"]
[PlyCount "136"]
[EventDate "2023.06.06"]
[EventType "swiss (blitz)"]
[EventRounds "11"]
[EventCountry "USA"]
[SourceTitle "EXT 2024"]
[Source "ChessBase"]
[SourceDate "2023.10.10"]
[SourceVersion "1"]
[SourceVersionDate "2023.10.10"]
[SourceQuality "1"]

1. e4 c5 2. Nf3 e6 3. c3 Nf6 4. e5 Nd5 5. d4 cxd4 6. cxd4 d6 7. a3 Be7 8. Bd3 b6 9. 0-0 Bb7 10. Qe2 0-0 11. Qe4 g6 12. Qg4 Nd7 13. h4 dxe5 14. dxe5 Nc5 15. Bc2 Nd7 16. h5 Rc8 17. Be4 Rc4 18. Nbd2 N5f6 19. exf6 Nxf6 20. Qh3 Rxe4 21. Nxe4 Bxe4 22. Bh6 Re8 23. Rfd1 Qa8 24. hxg6 hxg6 25. Ng5 Bf5 26. Qf3 Ng4 27. Qxa8 Rxa8 28. Rd7 Re8 29. Nxf7 Kxf7 30. Bg5 Kf8 31. Bxe7+ Rxe7 32. Rxe7 Kxe7 33. Rc1 Kd6 34. b4 Nf6 35. f3 Nd5 36. Kf2 e5 37. g4 Be6 38. Rh1 Nf4 39. Ke3 a5 40. bxa5 bxa5 41. Rh7 a4 42. Ra7 Bb3 43. Ra5 Bc2 44. Kd2 Bb3 45. Ke3 Nd5+ 46. Kf2 Nf4 47. Kg3 Ke6 48. Kh4 Kf6 49. Ra6+ Ke7 50. Kg5 Bd1 51. Ra7+ Ke6 52. Ra6+ Kd5 53. Kf6 Kd4 54. Rd6+ Nd5+ 55. Kxg6 Bxf3 56. Kf7 Bxg4 57. Ra6 Bd1 58. Ke6 Bb3 59. Kd6 e4 60. Ra8 e3 61. Re8 Kd3 62. Kc5 Kd2 63. Kd4 e2 64. Re5 e1Q 65. Rxe1 Kxe1 66. Kc5 Kd2 67. Kb5 Kc3 68. Kc5 Kb2 0-1

[Event "Titled Tuesday intern op 06th Jun Late"]
[Site "Chess.com INT"]
[Date "2023.06.06"]
[Round "2"]
[White "Sokolovsky, Yahli"]
[Black "Gheorghiu, Calin"]
[Result "1-0"]
[WhiteElo "2464"]
[BlackElo "2313"]
[PlyCount "141"]
[EventDate "2023.06.06"]
[EventType "swiss (blitz)"]
[EventRounds "11"]
[EventCountry "USA"]
[SourceTitle "EXT 2024"]
[Source "ChessBase"]
[SourceDate "2023.10.10"]
[SourceVersion "1"]
[SourceVersionDate "2023.10.10"]
[SourceQuality "1"]

1. b3 e5 2. Bb2 Nc6 3. e3 Nf6 4. Nf3 e4 5. Nd4 Nxd4 6. Bxd4 d5 7. c4 c5 8. Bxf6 Qxf6 9. Nc3 dxc4 10. Bxc4 Qg6 11. Qc2 Be7 12. Bb5+ Kf8 13. Qxe4 Qxe4 14. Nxe4 Bf5 15. Bd3 Rd8 16. Ke2 h5 17. Nxc5 Bg4+ 18. f3 Bxc5 19. fxg4 hxg4 20. Bf5 Bd6 21. g3 Be5 22. Rac1 g6 23. Bxg4 f5 24. Bf3 b6 25. h3 Bxg3 26. Rcg1 f4 27. Bg4 Kg7 28. e4 Rd4 29. d3 Rhd8 30. Rd1 a5 31. Rd2 a4 32. Rc1 axb3 33. axb3 f3+ 34. Ke3 f2 35. Be2 g5 36. Rdc2 Bf4+ 37. Kxf2 Bxc1 38. Rxc1 R8d7 39. Ke3 Kf6 40. Rf1+ Kg6 41. Rf5 R4d6 42. Rb5 Rc7 43. Kd2 Rc5 44. Rb4 Rdc6 45. Rd4 Rb5 46. b4 Re5 47. Bg4 Re7 48. Bd7 Rc7 49. Rd6+ Kg7 50. Bf5 Ra7 51. Rxb6 Ra2+ 52. Ke3 Rb2 53. b5 Re5 54. Rg6+ Kf7 55. Rxg5 Rexb5 56. h4 Kf6 57. Rg6+ Kf7 58. h5 Rh2 59. h6 Rb1 60. Ra6 Rbh1 61. h7 Ke7 62. Kf4 Rd1 63. Ra8 Rxd3 64. h8Q Rxh8 65. Rxh8 Ra3 66. Rh7+ Kd6 67. e5+ Kc5 68. Rd7 Ra4+ 69. Kg5 Ra5 70. Kf6 Ra6+ 71. e6 1-0

[Event "Titled Tuesday intern op 06th Jun Early"]
[Site "Chess.com INT"]
[Date "2023.06.06"]
[Round "4"]
[White "Vastrukhin, Oleg"]
[Black "Gheorghiu, Calin"]
[Result "1-0"]
[WhiteElo "2343"]
[BlackElo "2313"]
[PlyCount "65"]
[EventDate "2023.06.06"]
[EventType "swiss (blitz)"]
[EventRounds "11"]
[EventCountry "USA"]
[SourceTitle "EXT 2024"]
[Source "ChessBase"]
[SourceDate "2023.10.10"]
[SourceVersion "1"]
[SourceVersionDate "2023.10.10"]
[SourceQuality "1"]

1. e4 e6 2. d3 d5 3. Nd2 c5 4. Ngf3 Nc6 5. g3 Bd6 6. Bg2 Nge7 7. 0-0 0-0 8. Re1 Qc7 9. b3 f6 10. Bb2 Bd7 11. a4 a6 12. exd5 exd5 13. d4 b6 14. c4 dxc4 15. Nxc4 b5 16. Nxd6 Qxd6 17. dxc5 Qc7 18. Qd6 Qxd6 19. cxd6 Nf5 20. Nd2 Nxd6 21. Red1 bxa4 22. Nf3 Nb5 23. Rxd7 axb3 24. Nd2 Rfc8 25. Nxb3 Rab8 26. Nc5 Nba7 27. Ba3 Nb5 28. h4 h6 29. Ne6 Ne5 30. Rxg7+ Kh8 31. Re7 Nxa3 32. Be4 f5 33. Bxf5 1-0

[Event "Titled Tuesday intern op 06th Jun Early"]
[Site "Chess.com INT"]
[Date "2023.06.06"]
[Round "10"]
[White "Vyatkin, Dmitry"]
[Black "Gheorghiu, Calin"]
[Result "0-1"]
[WhiteElo "2362"]
[BlackElo "2313"]
[PlyCount "94"]
[EventDate "2023.06.06"]
[EventType "swiss (blitz)"]
[EventRounds "11"]
[EventCountry "USA"]
[SourceTitle "EXT 2024"]
[Source "ChessBase"]
[SourceDate "2023.10.10"]
[SourceVersion "1"]
[SourceVersionDate "2023.10.10"]
[SourceQuality "1"]

1. d4 e6 2. c4 Nf6 3. g3 c5 4. d5 exd5 5. cxd5 d6 6. Nc3 g6 7. Nf3 Bg7 8. Bg2 0-0 9. 0-0 Re8 10. Nd2 b6 11. a4 Ba6 12. Re1 Nbd7 13. h3 Qc7 14. Nb5 Bxb5 15. axb5 a6 16. Rxa6 Rxa6 17. bxa6 b5 18. e4 Qb6 19. f4 c4+ 20. Kh2 Nc5 21. Nf3 Nfxe4 22. Ng5 f5 23. Nxe4 Nxe4 24. Be3 Qxa6 25. Bd4 Qa4 26. Qxa4 bxa4 27. Bxg7 Kxg7 28. Bf1 Rb8 29. Re2 Rb3 30. Rc2 c3 31. bxc3 a3 32. Bd3 Rb2 33. Rxb2 axb2 34. c4 Nc3 35. g4 b1Q 36. Bxb1 Nxb1 37. gxf5 gxf5 38. Kg3 Nd2 39. c5 Ne4+ 40. Kh4 dxc5 41. Kh5 c4 42. d6 Nxd6 43. h4 c3 44. Kg5 c2 45. Kh5 c1Q 46. Kg5 Qg1+ 47. Kh5 Qg6# 0-1

[Event "Titled Tuesday intern op 06th Jun Early"]
[Site "Chess.com INT"]
[Date "2023.06.06"]
[Round "3"]
[White "Zenin, Dmitri"]
[Black "Gheorghiu, Calin"]
[Result "0-1"]
[WhiteElo "2163"]
[BlackElo "2313"]
[PlyCount "40"]
[EventDate "2023.06.06"]
[EventType "swiss (blitz)"]
[EventRounds "11"]
[EventCountry "USA"]
[SourceTitle "EXT 2024"]
[Source "ChessBase"]
[SourceDate "2023.10.10"]
[SourceVersion "1"]
[SourceVersionDate "2023.10.10"]
[SourceQuality "1"]

1. d4 d5 2. c4 e6 3. Nc3 Nf6 4. cxd5 exd5 5. Bg5 c6 6. e3 Be7 7. Qc2 Nbd7 8. Bd3 Nf8 9. Nge2 Ne6 10. Bh4 g6 11. h3 0-0 12. 0-0-0 c5 13. Bxf6 Bxf6 14. dxc5 Nxc5 15. Nf4 Nxd3+ 16. Qxd3 Bf5 17. Qxd5 Qb6 18. Qb5 Qxb5 19. Nxb5 Rac8+ 20. Nc3 Bxc3 0-1

[Event "Titled Tuesday intern op 30th May Early"]
[Site "Chess.com INT"]
[Date "2023.05.30"]
[Round "9"]
[White "Gheorghiu, Calin"]
[Black "Abdilkhair, Abilmansur"]
[Result "1-0"]
[WhiteElo "2313"]
[BlackElo "2268"]
[PlyCount "61"]
[EventDate "2023.05.30"]
[EventType "swiss (blitz)"]
[EventRounds "11"]
[EventCountry "USA"]
[SourceTitle "CBM 214 Extra"]
[Source "ChessBase"]
[SourceDate "2023.07.31"]
[SourceVersion "1"]
[SourceVersionDate "2023.07.31"]
[SourceQuality "1"]

1. e4 e5 2. Nf3 Nc6 3. Bb5 a6 4. Ba4 Nf6 5. d3 b5 6. Bb3 Be7 7. 0-0 d6 8. c3 0-0 9. Re1 Na5 10. Bc2 c5 11. Nbd2 Nc6 12. Nf1 Re8 13. Ng3 Bf8 14. h3 h6 15. d4 exd4 16. cxd4 cxd4 17. Nxd4 Nxd4 18. Qxd4 Be6 19. Bf4 Rc8 20. Qd2 d5 21. e5 Nd7 22. Rad1 Qc7 23. Bb1 Nb6 24. Qd3 g6 25. Nh5 Kh8 26. Nf6 Red8 27. Qg3 Na4 28. Qh4 Qc4 29. Re4 dxe4 30. Rxd8 g5 31. Qxh6# 1-0

[Event "Titled Tuesday intern op 30th May Late"]
[Site "Chess.com INT"]
[Date "2023.05.30"]
[Round "7"]
[White "Gheorghiu, Calin"]
[Black "Jarovinsky, Alexey"]
[Result "0-1"]
[WhiteElo "2313"]
[BlackElo "2305"]
[PlyCount "94"]
[EventDate "2023.05.30"]
[EventType "swiss (blitz)"]
[EventRounds "11"]
[EventCountry "USA"]
[SourceTitle "CBM 214 Extra"]
[Source "ChessBase"]
[SourceDate "2023.07.31"]
[SourceVersion "1"]
[SourceVersionDate "2023.07.31"]
[SourceQuality "1"]

1. e4 Nc6 2. Nf3 d6 3. h3 Nf6 4. Nc3 g6 5. d4 Bg7 6. Be2 0-0 7. 0-0 Re8 8. Be3 e5 9. dxe5 Nxe5 10. Nxe5 Rxe5 11. f4 Re8 12. Bf3 Bd7 13. Qd3 Bc6 14. Rfe1 a5 15. a4 Nd7 16. Rad1 Nc5 17. Bxc5 dxc5 18. e5 Qxd3 19. Rxd3 c4 20. Bxc6 cxd3 21. Bxe8 Rxe8 22. cxd3 Rd8 23. Rd1 Rd4 24. g3 Rb4 25. Rd2 g5 26. d4 gxf4 27. gxf4 Bh6 28. Ne2 Rxa4 29. Kf2 Rc4 30. Kf3 a4 31. d5 Kf8 32. d6 cxd6 33. exd6 Ke8 34. Nd4 Kd7 35. h4 b5 36. h5 b4 37. Ke4 Bg7 38. Kd5 Rxd4+ 39. Rxd4 Bxd4 40. Kxd4 Kxd6 41. Kc4 a3 42. bxa3 bxa3 43. Kb3 Ke6 44. Kxa3 Kf5 45. Kb4 Kxf4 46. Kc5 Kg5 47. Kd5 Kxh5 0-1

[Event "Titled Tuesday intern op 30th May Early"]
[Site "Chess.com INT"]
[Date "2023.05.30"]
[Round "4"]
[White "Gheorghiu, Calin"]
[Black "Mendonca, Leon Luke"]
[Result "0-1"]
[WhiteElo "2313"]
[BlackElo "2603"]
[PlyCount "88"]
[EventDate "2023.05.30"]
[EventType "swiss (blitz)"]
[EventRounds "11"]
[EventCountry "USA"]
[SourceTitle "CBM 214 Extra"]
[Source "ChessBase"]
[SourceDate "2023.07.31"]
[SourceVersion "1"]
[SourceVersionDate "2023.07.31"]
[SourceQuality "1"]

1. d4 e6 2. e4 d5 3. Nc3 dxe4 4. Nxe4 Bd7 5. Bd3 Bc6 6. Nf3 Nd7 7. 0-0 Ngf6 8. Ng3 Be7 9. Ne5 Nxe5 10. dxe5 Qd5 11. f3 Qxe5 12. Re1 Qd4+ 13. Kh1 h5 14. Qe2 0-0-0 15. Be3 Qe5 16. Bxa7 Qxe2 17. Nxe2 b6 18. Ba6+ Bb7 19. Bd3 Nd5 20. a4 Nb4 21. a5 Nxd3 22. cxd3 bxa5 23. d4 Bb4 24. Rec1 Kd7 25. Bc5 Ra8 26. Nf4 h4 27. Nd3 Bd2 28. Rd1 Bg5 29. f4 Bf6 30. Ne5+ Bxe5 31. dxe5+ Bd5 32. h3 Rhb8 33. Rd2 Rb5 34. Bd4 g6 35. Bc3 a4 36. Rd4 Kc6 37. Rdxa4 Rxa4 38. Rxa4 Rc5 39. Ra6+ Kb7 40. Ra5 Rc4 41. Rb5+ Kc6 42. Rb4 Rc5 43. Kg1 Ra5 44. Kf2 Ra1 0-1

[Event "Titled Tuesday intern op 30th May Early"]
[Site "Chess.com INT"]
[Date "2023.05.30"]
[Round "3"]
[White "Gheorghiu, Calin"]
[Black "Zaksaite, Salomeja"]
[Result "1-0"]
[WhiteElo "2313"]
[BlackElo "2283"]
[PlyCount "75"]
[EventDate "2023.05.30"]
[EventType "swiss (blitz)"]
[EventRounds "11"]
[EventCountry "USA"]
[SourceTitle "CBM 214 Extra"]
[Source "ChessBase"]
[SourceDate "2023.07.31"]
[SourceVersion "1"]
[SourceVersionDate "2023.07.31"]
[SourceQuality "1"]

1. d4 Nf6 2. c4 g6 3. Nc3 Bg7 4. e4 d6 5. f3 0-0 6. Be3 c5 7. Nge2 Qa5 8. d5 e6 9. Qd2 exd5 10. cxd5 b5 11. h4 b4 12. Nd1 Ba6 13. g4 Nbd7 14. Ng3 Ne5 15. Be2 Bxe2 16. Kxe2 Nc4 17. Qc1 Nxe3 18. Nxe3 Rfe8 19. h5 c4 20. Nxc4 Qxd5 21. Rd1 Qb5 22. Kf2 Rac8 23. Nxd6 Qb6+ 24. Qe3 Rc2+ 25. Ne2 Qxe3+ 26. Kxe3 Rd8 27. hxg6 hxg6 28. e5 Nd7 29. f4 Rb8 30. Rac1 Rxb2 31. Rc7 Nb6 32. Nxf7 Rxa2 33. Ng5 b3 34. Nc3 Rc2 35. Ne6 b2 36. Rxg7+ Kh8 37. Rh1+ Rh2 38. Rxh2# 1-0

[Event "Titled Tuesday intern op 23rd May Early"]
[Site "Chess.com INT"]
[Date "2023.05.23"]
[Round "9"]
[White "Chan, Luis"]
[Black "Gheorghiu, Calin"]
[Result "1-0"]
[WhiteElo "2181"]
[BlackElo "2313"]
[PlyCount "87"]
[EventDate "2023.05.23"]
[EventType "swiss (blitz)"]
[EventRounds "11"]
[EventCountry "USA"]
[SourceTitle "CBM 214 Extra"]
[Source "ChessBase"]
[SourceDate "2023.07.31"]
[SourceVersion "1"]
[SourceVersionDate "2023.07.31"]
[SourceQuality "1"]

1. b3 d5 2. Bb2 Bf5 3. e3 Nf6 4. Nf3 h6 5. d3 e6 6. Nbd2 c5 7. Qe2 Be7 8. Ne5 0-0 9. g4 Bh7 10. h4 Nfd7 11. Nxd7 Nxd7 12. g5 e5 13. gxh6 gxh6 14. Qh5 Qb6 15. Rg1+ Kh8 16. Bh3 f5 17. 0-0-0 d4 18. Nc4 Qf6 19. exd4 exd4 20. Kb1 b5 21. Nd2 Qxh4 22. Qf3 Ne5 23. Qd5 Bf6 24. Rh1 Qxf2 25. Qxc5 f4 26. Bxd4 Nxd3 27. Bxf2 Nxc5 28. Bxc5 Rad8 29. Bxf8 Rxf8 30. Bg4 Bc3 31. Nf3 Re8 32. Rxh6 Kg7 33. Rc6 b4 34. Rd7+ Kh8 35. Rh6 Bg7 36. Bf5 Bxh6 37. Rxh7+ Kg8 38. Rxh6 Re3 39. Bg4 Kg7 40. Rd6 Re2 41. Rd4 Rg2 42. Rxf4 Rf2 43. Rxb4 Rg2 44. Rc4 1-0

[Event "Titled Tuesday intern op 23rd May Late"]
[Site "Chess.com INT"]
[Date "2023.05.23"]
[Round "4"]
[White "Gheorghiu, Calin"]
[Black "Martinez Alcantara, Jose Eduardo"]
[Result "0-1"]
[WhiteElo "2313"]
[BlackElo "2619"]
[PlyCount "58"]
[EventDate "2023.05.23"]
[EventType "swiss (blitz)"]
[EventRounds "11"]
[EventCountry "USA"]
[SourceTitle "EXT 2024"]
[Source "ChessBase"]
[SourceDate "2023.10.10"]
[SourceVersion "1"]
[SourceVersionDate "2023.10.10"]
[SourceQuality "1"]

1. e4 c5 2. Nf3 d6 3. Bb5+ Nd7 4. 0-0 a6 5. Bxd7+ Bxd7 6. d4 cxd4 7. Qxd4 Rc8 8. c4 e5 9. Qd3 b5 10. Na3 Qb6 11. Be3 Qb7 12. cxb5 axb5 13. Rac1 Rxc1 14. Rxc1 Nf6 15. Nd2 Be7 16. Nc2 h6 17. Nb4 0-0 18. f3 Ra8 19. Nb3 Bf8 20. a3 Be6 21. Rc3 d5 22. Nc5 Bxc5 23. Bxc5 dxe4 24. fxe4 Qxe4 25. Qxe4 Nxe4 26. Rc1 Nd2 27. Bd6 Nc4 28. Bc5 Nxb2 29. Bf2 Nc4 0-1